000 00915nam a2200253Ia 4500
003 OSt
005 20221005103109.0
006 a|||||r|||| 00| 0
007 ta
008 221004b |||||||| |||| 00| 0 hin d
024 _a107892
037 _cTextual
040 _aCRL
_cCRL
_bhin
041 _2hin
_ahin
082 _aO152,1(Delta25):g, L0
100 _aद्विवेदी, हजारी प्रसाद
245 0 _aमध्यकालीन धर्म - साधना
246 _aMadhyakālīn dharma - sādhanā
260 _aइलाहाबाद
_bसाहित्य भवन प्रा. लि. भारत
_c1970
300 _a287पृ0
_ccm.
650 _aहिन्दी साहित्य
942 _hO152,1(Delta25):g, L0
_cTEXL
_2cc
999 _c1009428
_d1009428